| 000 | 00743cab a2200253 4500 | ||
|---|---|---|---|
| 001 | X98578 | ||
| 008 | 090401t1999 xxu||||| |||| 00| 0 eng d | ||
| 035 | _a(Sirsi) u93303 | ||
| 041 | _aeng | ||
| 245 | _aEnvironmental protection | ||
| 260 | _c1999 | ||
| 350 | _a0 | ||
| 490 |
_aEstates Gazette Case Summaries _v[1999] EGCS 62 (8 May 1999) |
||
| 650 | _aABATEMENT NOTICE | ||
| 650 | _aENVIRONMENTAL PROTECTION ACT 1990 S259 | ||
| 650 | _aENVIRONMENTAL PROTECTION ACT 1990 S80 | ||
| 650 | _aENVIRONMENTAL PROTECTION | ||
| 650 | _aR V FALMOUTH AND TRURO PORT HEALTH AUTHORITY | ||
| 650 | _aSEWAGE | ||
| 650 | _aSOUTH WEST WATER SERVICES LTD | ||
| 690 | _aENVIRONMENTAL AND LAND CONSULTANCY | ||
| 942 | _n0 | ||
| 948 | _c12/05/1999 | ||
| 999 |
_c59147 _d59147 |
||